000 00395nam a22001337a 4500
999 _c534807
_d534807
020 _a9789386858948
082 _a005.8 MEN
100 _aMenezes, Bernard L.
245 _aCryptography, Network Security, and Cyber Laws /
_cBernard L. Menezes
260 _aNew Delhi :
_bCengage Learning,
_c2019.
300 _a488 p.
942 _2ddc
_cBK